Brachiosaurus / (Record no. 810)

MARC details
000 -LEADER
fixed length control field 00966nam a22002897a 4500
005 - DATE AND TIME OF LATEST TRANSACTION
control field 20230710132641.0
020 ## - INTERNATIONAL STANDARD BOOK NUMBER
International Standard Book Number 0736816208 (lib. bdg.)
040 ## - CATALOGING SOURCE
Original cataloging agency DLC
Transcribing agency DLC
Modifying agency DLC
Language of cataloging eng
050 00 - LIBRARY OF CONGRESS CALL NUMBER
Classification number QE862.S3
Item number C5614 2003
082 00 - DEWEY DECIMAL CLASSIFICATION NUMBER
Classification number 567.913
Edition number 21
100 1# - MAIN ENTRY--PERSONAL NAME
Personal name Cohen, Daniel,
Dates associated with a name 1936-2018.
245 10 - TITLE STATEMENT
Title Brachiosaurus /
Statement of responsibility, etc. by Daniel Cohen ; consultant, Brent Breithaupt.
260 ## - PUBLICATION, DISTRIBUTION, ETC.
Place of publication, distribution, etc. Mankato. :
Name of publisher, distributor, etc. Bridgestone,
Date of publication, distribution, etc. 2003.
300 ## - PHYSICAL DESCRIPTION
Extent 24 pages :
Other physical details color illustrations ;
Dimensions 21 cm.
490 1# - SERIES STATEMENT
Series statement Discovering dinosaurs
505 ## - FORMATTED CONTENTS NOTE
Formatted contents note G <br/>
520 ## - SUMMARY, ETC.
Summary, etc. Describes what is known about the physical characteristics, behavior, and habitat of this very large dinosaur.
521 ## - TARGET AUDIENCE NOTE
Target audience note 400 <br/>
Source Lexile <br/>
521 ## - TARGET AUDIENCE NOTE
Target audience note G <br/>
Source Raz-Plus <br/>
650 #0 - SUBJECT ADDED ENTRY--TOPICAL TERM
Topical term or geographic name entry element Brachiosaurus
Form subdivision Juvenile literature.
650 #1 - SUBJECT ADDED ENTRY--TOPICAL TERM
Topical term or geographic name entry element Brachiosaurus.
650 #1 - SUBJECT ADDED ENTRY--TOPICAL TERM
Topical term or geographic name entry element Dinosaurs.
906 ## - LOCAL DATA ELEMENT F, LDF (RLIN)
a 7
b cbc
c orignew
d 1
e ecip
f 20
g y-gencatlg
942 ## - ADDED ENTRY ELEMENTS (KOHA)
Source of classification or shelving scheme Dewey Decimal Classification
Koha item type Books
Suppress in OPAC No
999 ## -
-- 810
-- 810
Holdings
Withdrawn status Lost status Source of classification or shelving scheme Damaged status Not for loan Collection Home library Current library Shelving location Date acquired Total Checkouts Full call number Barcode Date last seen Date last checked out Price effective from Koha item type
    Dewey Decimal Classification     Non-Fiction Footprints International School Library Network Toul Kork Campus Footprints International School Library Network Toul Kork Campus TK Primary Library Room(4th Floor), Bookcase 1&2, Shelves 1-16, Dark Blue Books 07/10/2023 5 COH 567.913 QE862.S3 FISTK01508 03/12/2025 03/05/2025 07/10/2023 Books